Discografía de Marea - Estadísticas

Estadísticas generales
  • Esta prueba ha sido intentada 64 veces
  • La puntuación promedio es 27 de 118
Estadísticas de respuestas
Album Canción % Correcto
1 Marea
80%
12 | 20 Marea
80%
9 Corazón de mimbre
70%
4 Corazón de mimbre
70%
1 | 17 La rueca
70%
3 | 15 Trasegando
65%
6 El hijo de la Inés
60%
19 El perro verde
60%
5 El perro verde
60%
3 | 12 La luna me sabe a poco
60%
7 | 11 Que se joda el viento
55%
10 | 18 Como el viento de poniente
50%
9 | 16 Ciudad de los gitanos
45%
5 En tu agujero
45%
7 Lija y terciopelo
45%
2 Buena muerte
40%
5 Despellejó
40%
14 Despellejo
40%
4 Jindama
40%
6 Manuela canta saetas
40%
5 Mierda y cuchara
40%
1 | 8 Romance de José Etxailarena
40%
11 Los mismos clavos
35%
11 Pan duro
35%
4 Duerme conmigo
30%
6 Duerme conmigo
30%
2 Ya lo dijo el camarón
30%
3 | 4 Con la camisa rota
25%
2 En un Mercedes blanco
25%
2 Incandescente
25%
6 | 10 Mil quilates
25%
3 Muchas lanzas
25%
4 Nuestra fosa
25%
1 Paloma que pierde el vuelo
25%
2 Aceitunero
20%
4 A la mierda primavera
20%
7 | 13 Alfileres
20%
8 Como quiere tu abuelita
20%
4 El día que lluevan pianos
20%
1 Entre hormigones
20%
4 No quiero ser un poeta
20%
1 Barniz
15%
1 Bienvenido al secadero
15%
1 En las encías
15%
3 Amor Temporero
15%
5 La noche de viernes santo
15%
3 La virgendel fracaso
15%
8 Me estoy quedando solo
15%
6 Ojalá me quieras libre
15%
2 | 7 Petenera (en carne viva)
15%
9 Venas con humo y palabras
15%
2 A caballo
10%
10 Al culo de una lombriz
10%
8 Como los trileros
10%
7 Dos alpargatas
10%
2 El rastro
10%
8 El temblor
10%
7 Esta puta soledad
10%
7 Canto de tierra seca I
10%
8 Canto de tierra seca II
10%
10 Mojama
10%
9 Prima tristeza
10%
11 Si viene la pestañí
10%
2 La majada
10%
5 Latido jondo
10%
8 | 11 Nana de quebranto (mala sombra)
10%
9 Pájaros viejos
10%
10 Pecadores
10%
9 Señora
10%
13 Un cuarto sin ventanas
10%
3 Cada noche
5%
5 Canaleros
5%
8 Ceniciento
5%
6 Chica de la ciudad
5%
8 Crazy like a fox
5%
14 Desencuentro
5%
10 El luis
5%
10 El más sucio de los nombres
5%
7 La vela se apaga
5%
5 Más me duele a mí
5%
9 Me corten la lengua
5%
6 Ocho mares
5%
6 Quejios
5%
3 Sobran bueyes
5%
7 Ángeles del suelo
0%
11 Carta a los corintios según Sor Kampana
0%
7 Copla el precipicio
0%
4 El trapecio
0%
5 Eutsi goiari
0%
9 La grillera
0%
10 La hora de las moscas
0%
4 La sangre, los polvos, los muertos
0%
8 La últimas habitaciones
0%
6 Lo habido
0%
15 Malos despertares
0%
1 Otra cicatriz
0%
10 Pedimento
0%
9 Plomo en los bolsillos
0%
3 Por cuatro perras
0%
3 Se acaba el baile
0%
11 Te voy a decir la verdad
0%
2 Un hierro sin domar
0%
No se encontraron pruebas coincidentes
Distribución de puntuación
Porcentaje de gente con cada puntuación
Porcentaje por número respondido
Historial de tus puntuaciones
No has intentado esta prueba.